[Event "Donau op 30th"]
[Site "Aschach"]
[Date "2021.12.29"]
[Round "5"]
[White "Sandhoefner, Florian"]
[Black "Raber, Florian"]
[Result "1/2-1/2"]
[WhiteElo "2280"]
[BlackElo "2159"]
[PlyCount "141"]
[EventDate "2021.12.26"]
[EventType "swiss"]
[EventRounds "7"]
[EventCountry "AUT"]
[SourceTitle "EXT 2023"]
[Source "ChessBase"]
[SourceDate "2022.10.05"]
[SourceVersion "1"]
[SourceVersionDate "2022.10.05"]
[SourceQuality "1"]

1. e4 c6 2. d4 d5 3. exd5 cxd5 4. Bd3 Nc6 5. c3 Qc7 6. h3 Nf6 7. Nf3 g6 8. Qc2 Bg7 9. 0-0 0-0 10. Re1 Nh5 11. Re2 Nf4 12. Bxf4 Qxf4 13. Nbd2 Bf5 14. Rae1 Bxd3 15. Qxd3 Qc7 16. Ne5 Bxe5 17. dxe5 e6 18. Nf3 Na5 19. Nh2 Kg7 20. Ng4 h5 21. Nf6 Rh8 22. b3 Nc6 23. f4 Ne7 24. Rc2 Rad8 25. Rec1 Qb6+ 26. Kh2 Nf5 27. Re2 h4 28. Ng4 Ng3 29. Rec2 Nh5 30. Rf1 Rc8 31. Rf3 Rhd8 32. Qd2 Ng3 33. f5 Rh8 34. fxg6 fxg6 35. Qg5 Qd8 36. Qf6+ Qxf6 37. exf6+ Kf8 38. Ne5 Nf5 39. Nxg6+ Kf7 40. Nxh8+ Rxh8 41. Rxf5 exf5 42. Rd2 Ke6 43. Rd4 Ke5 44. f7 f4 45. Ra4 Rf8 46. Rxa7 Rxf7 47. a4 d4 48. cxd4+ Kxd4 49. a5 Rf5 50. Rxb7 Rxa5 51. Rb4+ Ke3 52. Ra4 Rd5 53. b4 Rb5 54. Kg1 f3 55. Ra3+ Ke2 56. Rxf3 Rxb4 57. Rf5 Ke3 58. Kh2 Ke4 59. Rf8 Ke5 60. g4 hxg3+ 61. Kxg3 Ke6 62. h4 Ke7 63. Rf1 Rb6 64. h5 Rf6 65. Ra1 Kf8 66. Kg4 Kg8 67. Kg5 Rb6 68. Ra8+ Kh7 69. Ra7+ Kh8 70. h6 Rb5+ 71. Kg6 1/2-1/2

[Event "AUT-chT2M 1718"]
[Site "Austria"]
[Date "2018.04.07"]
[Round "11.2"]
[White "Spindelboeck, Gernot"]
[Black "Raber, Florian"]
[Result "1/2-1/2"]
[WhiteElo "2277"]
[BlackElo "2102"]
[PlyCount "80"]
[EventDate "2017.10.27"]
[EventType "team-tourn"]
[EventRounds "11"]
[EventCountry "AUT"]
[SourceTitle "EXT 2019"]
[Source "ChessBase"]
[SourceDate "2018.10.10"]
[SourceVersion "1"]
[SourceVersionDate "2018.10.10"]
[SourceQuality "1"]
[WhiteTeam "Fuerstenfeld/Hartberg"]
[BlackTeam "Steyregg"]
[WhiteTeamCountry "AUT"]
[BlackTeamCountry "AUT"]

1. d4 d5 2. c4 c6 3. e3 e6 4. Nf3 Bd6 5. Bd3 f5 6. 0-0 Nf6 7. b3 Qe7 8. Bb2 0-0 9. Qc1 Ne4 10. Ba3 Nd7 11. Bxd6 Qxd6 12. Nc3 b6 13. Ne2 Bb7 14. Qb2 c5 15. Rfd1 Qe7 16. Rac1 Kh8 17. cxd5 exd5 18. dxc5 bxc5 19. Nf4 Qf6 20. Qxf6 Rxf6 21. Bxe4 fxe4 22. Ng5 d4 23. Nge6 g5 24. Nxg5 d3 25. f3 exf3 26. Nxf3 Bxf3 27. gxf3 Ne5 28. Rxc5 Nxf3+ 29. Kf2 Nd4 30. Rxd3 Ne6 31. Rc4 Raf8 32. Kf3 Ng5+ 33. Ke2 Rh6 34. h3 Nxh3 35. Nxh3 Rxh3 36. Ra4 Rh2+ 37. Ke1 Rc8 38. Rc4 Rg8 39. Kf1 Rxa2 40. Rcd4 Re8 1/2-1/2

[Event "Donau op 21st"]
[Site "Aschach"]
[Date "2012.12.29"]
[Round "5"]
[White "Raber, Florian"]
[Black "Schreiner, Peter"]
[Result "0-1"]
[WhiteElo "2167"]
[BlackElo "2439"]
[PlyCount "58"]
[EventDate "2012.12.26"]
[EventType "swiss"]
[EventRounds "7"]
[EventCountry "AUT"]
[SourceTitle "CBM 152 Extra"]
[Source "ChessBase"]
[SourceDate "2013.02.25"]
[SourceVersion "1"]
[SourceVersionDate "2013.02.25"]
[SourceQuality "1"]

1. d4 Nf6 2. c4 g6 3. Nc3 d5 4. cxd5 Nxd5 5. e4 Nxc3 6. bxc3 Bg7 7. Be3 c5 8. Qd2 Qa5 9. Rc1 cxd4 10. cxd4 Qxd2+ 11. Bxd2 0-0 12. Nf3 e6 13. Bb5 Rd8 14. 0-0 Nc6 15. Bg5 f6 16. Be3 Bd7 17. Rfd1 Bf8 18. Be2 b6 19. Bf4 g5 20. Bc7 Rdc8 21. Bg3 Nb4 22. Bc4 b5 23. Bb3 a5 24. a3 a4 25. Bxe6+ Bxe6 26. axb4 Rxc1 27. Rxc1 a3 28. d5 a2 29. Ra1 Bxb4 0-1

[Event "AUT-chT2M 1112"]
[Site "Austria"]
[Date "2012.04.28"]
[Round "10.6"]
[White "Raber, Florian"]
[Black "Ramusch, Arnulf"]
[Result "1-0"]
[WhiteElo "2148"]
[BlackElo "1999"]
[PlyCount "129"]
[EventDate "2011.10.21"]
[EventType "team-tourn"]
[EventRounds "11"]
[EventCountry "AUT"]
[SourceTitle "EXT 2013"]
[Source "ChessBase"]
[SourceDate "2012.11.22"]
[SourceVersion "1"]
[SourceVersionDate "2012.11.22"]
[SourceQuality "1"]
[WhiteTeam "Steyregg"]
[BlackTeam "Maria Saal"]
[WhiteTeamCountry "AUT"]
[BlackTeamCountry "AUT"]

1. d4 e6 2. Nf3 Nf6 3. e3 b6 4. Bd3 Bb7 5. Nbd2 c5 6. c3 Nc6 7. 0-0 Be7 8. e4 d6 9. a3 0-0 10. b4 Nd7 11. Qe2 Bf6 12. Nb3 Qc7 13. Bg5 e5 14. Bxf6 Nxf6 15. bxc5 bxc5 16. dxc5 Rad8 17. cxd6 Rxd6 18. Nc5 Ba8 19. Na6 Qe7 20. Rfd1 Rfd8 21. Ne1 Na5 22. f3 Bb7 23. Nb4 Nb3 24. Rab1 Nc5 25. Bc2 a5 26. Rxd6 Rxd6 27. Nbd3 Ba6 28. Qe3 Ne6 29. Rb8+ Rd8 30. Qb6 Bxd3 31. Nxd3 Nd7 32. Rxd8+ Qxd8 33. Qd6 Qc7 34. Qxc7 Nxc7 35. Ba4 Nb6 36. Bb3 Kf8 37. Nxe5 Nb5 38. c4 Nxa3 39. c5 Na8 40. Nc6 Nb5 41. Nxa5 Nd4 42. Bd5 Nc7 43. Kf2 Nc2 44. Ke2 Nb4 45. Bc4 Nba6 46. Nb3 Nb4 47. Ke3 Ke7 48. Nd4 f6 49. Nf5+ Kf8 50. Kd4 Nc6+ 51. Kc3 g6 52. Ne3 Kg7 53. Bd5 Ne5 54. f4 Nd7 55. Kc4 g5 56. g3 Kf8 57. c6 Nb6+ 58. Kc5 Nc8 59. Bc4 Kg7 60. Nf5+ Kf8 61. Nd6 Ne7 62. Kb6 Ne8 63. Nxe8 Kxe8 64. Kb7 gxf4 65. gxf4 1-0

[Event "Vienna op 17th"]
[Site "Vienna"]
[Date "2011.08.17"]
[Round "5"]
[White "Raber, Florian"]
[Black "De Groote, Ewoud"]
[Result "0-1"]
[WhiteElo "2153"]
[BlackElo "2263"]
[PlyCount "44"]
[EventDate "2011.08.13"]
[EventType "swiss"]
[EventRounds "9"]
[EventCountry "AUT"]
[SourceTitle "CBM 143 Extra"]
[Source "ChessBase"]
[SourceDate "2011.08.29"]
[SourceVersion "1"]
[SourceVersionDate "2011.08.29"]
[SourceQuality "1"]

1. d4 Nf6 2. c4 e6 3. Nc3 Bb4 4. f3 c5 5. a3 Bxc3+ 6. bxc3 Nc6 7. e3 b6 8. Bd3 0-0 9. Ne2 Ba6 10. e4 Ne8 11. Be3 d6 12. 0-0 Na5 13. Qa4 Rc8 14. d5 exd5 15. exd5 Nc7 16. Kf2 Bxc4 17. Qc2 Qh4+ 18. g3 Qxh2+ 19. Ke1 Rfe8 20. Rf2 Qh1+ 21. Rf1 Qh5 22. Be4 Nxd5 0-1

[Event "Donau op 19th"]
[Site "Aschach"]
[Date "2010.12.26"]
[Round "1"]
[White "Tratar, Marko"]
[Black "Raber, Florian"]
[Result "1-0"]
[WhiteElo "2492"]
[BlackElo "2101"]
[PlyCount "71"]
[EventDate "2010.12.26"]
[EventType "swiss"]
[EventRounds "7"]
[EventCountry "AUT"]
[SourceTitle "CBM 140 Extra"]
[Source "ChessBase"]
[SourceDate "2011.03.01"]
[SourceVersion "1"]
[SourceVersionDate "2011.03.01"]
[SourceQuality "1"]

1. d4 d5 2. c4 c6 3. e3 e6 4. Nf3 f5 5. Bd3 Nf6 6. 0-0 Bd6 7. b3 Qe7 8. a4 0-0 9. Ba3 Bxa3 10. Nxa3 Ne4 11. Qb1 g5 12. Qb2 Na6 13. Nc2 g4 14. Bxe4 dxe4 15. Ne5 Qh4 16. Ne1 Nb8 17. f3 exf3 18. gxf3 Nd7 19. N1d3 Qg5 20. Qf2 gxf3+ 21. Qg3 Qxg3+ 22. hxg3 Nf6 23. Rxf3 Ne4 24. Ra2 b5 25. Nxc6 bxc4 26. bxc4 Bb7 27. Nde5 Ng5 28. Rf1 Nf7 29. Rb1 Nxe5 30. Nxe5 Be4 31. Rb5 Rf6 32. Rab2 Rh6 33. Rh2 Rf6 34. a5 Kh8 35. Rhb2 Rh6 36. Nf7+ 1-0

[Event "AUT-ch"]
[Site "Vienna"]
[Date "2010.07.29"]
[Round "6"]
[White "Gerhold, Michael"]
[Black "Raber, Florian"]
[Result "1-0"]
[WhiteElo "2237"]
[BlackElo "2106"]
[PlyCount "66"]
[EventDate "2010.07.24"]
[EventType "swiss"]
[EventRounds "9"]
[EventCountry "AUT"]
[SourceTitle "CBM 137 Extra"]
[Source "ChessBase"]
[SourceDate "2010.09.01"]
[SourceVersion "1"]
[SourceVersionDate "2010.09.01"]
[SourceQuality "1"]

1. Nf3 d5 2. d4 c6 3. c4 dxc4 4. a4 e6 5. e3 b5 6. axb5 cxb5 7. b3 Bb4+ 8. Bd2 Bxd2+ 9. Nbxd2 a5 10. bxc4 b4 11. Ne5 Nf6 12. Be2 0-0 13. Bf3 Ra6 14. 0-0 Nfd7 15. Nd3 e5 16. Nb3 Rh6 17. g3 Re8 18. Bg2 e4 19. Ndc5 Nxc5 20. Nxc5 Bf5 21. Qc2 Qc8 22. Rxa5 Nc6 23. Raa1 Bh3 24. Bxh3 Rxh3 25. Nxe4 b3 26. Qb1 Rh5 27. f3 Qh3 28. Rf2 f5 29. Nd6 Rb8 30. c5 f4 31. Ra8 fxg3 32. Qxb3+ Kh8 33. Rxb8+ Nxb8 1-0

[Event "Donau op 16th"]
[Site "Aschach"]
[Date "2007.12.26"]
[Round "1"]
[White "Cifka, Stanislav"]
[Black "Raber, Florian"]
[Result "1/2-1/2"]
[WhiteElo "2406"]
[BlackElo "2070"]
[PlyCount "154"]
[EventDate "2007.12.26"]
[EventType "swiss"]
[EventRounds "7"]
[EventCountry "AUT"]
[SourceTitle "CBM 122 Extra"]
[Source "ChessBase"]
[SourceDate "2008.03.04"]
[SourceVersion "1"]
[SourceVersionDate "2008.03.04"]
[SourceQuality "1"]

1. d4 d5 2. Nf3 c6 3. c4 dxc4 4. e3 b5 5. a4 e6 6. axb5 cxb5 7. b3 Bb4+ 8. Bd2 Bxd2+ 9. Nbxd2 a5 10. bxc4 b4 11. Ne5 Nf6 12. Qa4+ Nfd7 13. c5 0-0 14. Nec4 Bb7 15. Nd6 Bc6 16. Bb5 Nb6 17. cxb6 Qxd6 18. 0-0 Bd5 19. Rfc1 Qxb6 20. Nc4 Bxc4 21. Rxc4 Rd8 22. Rc5 Kf8 23. Rac1 Ra7 24. Bd3 Rdd7 25. Rc8+ Rd8 26. R8c5 Rdd7 27. Ra1 Rd5 28. Rc8+ Rd8 29. Rc4 Rdd7 30. h4 Rdc7 31. Rxc7 Qxc7 32. Ra2 Qc1+ 33. Kh2 Qc7+ 34. Kh3 Qd7 35. Bb5 Qd5 36. Rc2 Nd7 37. Rc8+ Ke7 38. Bc6 Qf5+ 39. Kg3 Nf6 40. Bf3 e5 41. Rc5 Qg6+ 42. Kh3 Nd7 43. Rxa5 Rxa5 44. Qxb4+ Qd6 45. Qxa5 exd4 46. Qg5+ Nf6 47. exd4 Qxd4 48. Qxg7 Qxf2 49. Qg5 Qd4 50. Qa5 Qd7+ 51. Kh2 Qd6+ 52. g3 Qd4 53. Qc7+ Kf8 54. Qc2 Kg7 55. Qe2 h6 56. Kh3 Qd7+ 57. Kg2 Qe6 58. Qd2 Qd7 59. Qf4 Qd3 60. g4 Qg6 61. Kh3 Qd3 62. Kg2 Qc2+ 63. Kg3 Qg6 64. Qe5 Kg8 65. Kf4 Nd7 66. Qe8+ Nf8 67. Qb8 Qf6+ 68. Kg3 Kg7 69. Qb7 Ne6 70. Qe4 Qd4 71. Qe1 Qf4+ 72. Kg2 Qd4 73. Qc1 Qe5 74. Qd2 Nf4+ 75. Kf1 Ne6 76. Qf2 Qa1+ 77. Kg2 Qf6 1/2-1/2

[Event "AUT North-ch"]
[Site "Linz"]
[Date "2001.04.11"]
[Round "6"]
[White "Zoister, Stefan"]
[Black "Raber, Florian"]
[Result "0-1"]
[WhiteElo "2128"]
[BlackElo "2128"]
[PlyCount "104"]
[EventDate "2001.04.06"]
[EventType "swiss"]
[EventRounds "9"]
[EventCountry "AUT"]
[SourceTitle "EXT 2006"]
[Source "ChessBase"]
[SourceDate "2005.11.24"]
[SourceVersion "1"]
[SourceVersionDate "2005.11.24"]
[SourceQuality "1"]

1. d4 e6 2. Nf3 Nf6 3. e3 c5 4. Bd3 d5 5. c3 Nc6 6. Nbd2 Bd6 7. 0-0 Qc7 8. dxc5 Bxc5 9. e4 dxe4 10. Nxe4 Nxe4 11. Bxe4 Bd7 12. Ng5 f5 13. Bxf5 exf5 14. Qd5 Be7 15. Qf7+ Kd8 16. Qxg7 Re8 17. Qxh7 Bxg5 18. Bxg5+ Kc8 19. Rad1 Be6 20. Qh6 b6 21. Rfe1 Kb7 22. Rxe6 Rh8 23. Rxc6 Qxc6 24. Qxc6+ Kxc6 25. f3 Rae8 26. Kf2 Rxh2 27. Kg3 Rh5 28. Bf4 Re2 29. Rd2 Rxd2 30. Bxd2 Kd5 31. b3 Rh1 32. Kf4 Ra1 33. Kxf5 Rxa2 34. Be3 Rxg2 35. f4 Rb2 36. b4 Kc4 37. Bd4 a5 38. bxa5 bxa5 39. Bg7 a4 40. Bf8 Rb8 41. Be7 Rb7 42. Ke6 Rxe7+ 43. Kxe7 a3 44. f5 a2 45. f6 a1Q 46. f7 Qe1+ 47. Kf6 Qxc3+ 48. Ke7 Qg7 49. Ke8 Qg6 50. Ke7 Qh7 51. Ke8 Kd5 52. f8Q Ke6 0-1